Różne związki chemiczne - Statystyki

Ogólne statystyki
  • Ten quiz został rozwiązany 1 233 razy
  • Średni wynik to 9 z 19
Statystyki odpowiedzi
wzór nazwa % Poprawnych
HCl kwas chlorowodorowy
84%
KOH wodorotlenek potasu
82%
H2O woda
79%
CH4 metan
73%
Al2O3 tlenek glinu
65%
H3PO4 kwas fosforowy 5
57%
C2H4 eten
54%
C4H10 butan
50%
NH4Cl chlorek amonu
44%
H2S kwas siarkowodorowy
43%
P4O10 tlenek fosforu 5
43%
Zn(NO3)2 azotan 5 cynku
42%
H2O2 nadtlenek wodoru
41%
MnSiO3 krzemian manganu 2
36%
C2H2 etyn
35%
AgNO3 azotan 5 srebra 1
27%
HgSO4 siarczan 6 rtęci 2
26%
HCOOH kwas metanowy
24%
(CH3COO)2Ca etanian wapnia
16%
Nie znaleziono quizów pasujących do podanych kryteriów
Rozkład punktacji
Procent ludzi z każdym wynikiem
Percentyl według liczby udzielonych odpowiedzi
Twoja historia wyników
Nie rozwiązałeś tego quizu